000
00205 a2200097 4500
001
45573
100
_a
Gordon, M
245
_a
Men and angels
260
_a
London
_b
Jonathan cape
_c
090
_c
28735
_d
28735
942
_a
NUST-CAE
_c
M
_c
20819
999
_c
280646
_d
280646